000 00403nam a2200157Ia 4500
003 GCL
008 140319s9999 xx 000 0 eng d
040 _aGCL /
_cGCL
082 0 4 _a160
_bC I
100 1 _aCOHEN CARL
245 1 0 _aINTRODUCTION TO LOGIC /
_cCOHEN CARL
260 _a[S.N] :
_bMACMILLAN PUBLBISHING COMPANY ،
_c1994
300 _a729 P
650 0 4 _aLOGIC PROGRAMMING
942 _2ddc
_cBK
999 _c24898
_d24898